MARC

LEADER 00000nam0a2200000 4500
001 58931
005 20231101211754.0
035 |a (RuTPU)RU\TPU\book\62263 
090 |a 58931 
100 |a 20031210d1975 km y0rusy50 ca 
101 0 |a rus 
102 |a RU 
105 |a a g 001zy 
200 1 |a Подшипники качения  |e справочник  |f Р. Д. Бейзельман, Б. В. Цыпкин, Л. Я. Перель 
205 |a 6-е изд., испр. и доп. 
210 |a Москва  |c Машиностроение  |d 1975 
215 |a 574 с.  |c ил. 
320 |a Библиогр.: с. 559-561. 
320 |a Предметный указатель: с. 562-574. 
606 1 |a Подшипники качения  |2 stltpush  |3 (RuTPU)RU\TPU\subj\72848  |9 86235 
610 1 |a расчеты 
610 1 |a выбор 
610 1 |a посадки 
610 1 |a подшипниковые узлы 
610 1 |a схемы 
610 1 |a проектирование 
610 1 |a характеристики 
610 1 |a справочники 
675 |a 621.822(035)  |v 3 
700 1 |a Бейзельман  |b Р. Д.  |g Рафаил Давыдович 
701 1 |a Цыпкин  |b Б. В.  |g Борис Владимирович 
701 1 |a Перель  |b Л. Я.  |g Леонтий Яковлевич 
801 1 |a RU  |b 63413507  |c 20031210  |g PSBO 
801 2 |a RU  |b 63413507  |c 20220718  |g PSBO 
942 |c BK